000 00891cam a2200301 i 4500
001 1847
005 20250725101808.0
020 _a9781407106151
040 _aDLC
_beng
_erda
_cDLC
_dFISKH
050 0 0 _aQ180.2
_bA77 2009
082 _a741.5
100 1 _aArnold, Nick,
_eauthor.
245 1 0 _aVicious Veg
_cNick Arnold illustrated by Tony De Saulles
260 _aLondon :
_bScholastic,
_c2008
300 _a175 pages :
_c20 cm
490 _aHriible Science
500 _aTitle from case.
505 0 _aU
520 _aVaried comics personifying plants to
521 _a850
_bLexile
521 _aU
_bRaz-Plus
650 0 _aScience
_vJuvenile literature.
650 0 _aScience
_xStudy and teaching (Primary)
700 1 _aArnold, Nick,
_eauthor.
700 1 _aDe Saulles, Tony,
_eillustrator.
906 _a7
_bcbc
_corignew
_d2
_encip
_f20
_gy-gencatlg
942 _2ddc
_cBK
_n0
999 _c1847
_d1847